The Oxford handbook of the American Congress (Registro nro. 296773)

Detalles MARC
000 -ENCABEZADO
Número de control [NR] 01188cam a2200301Mi 4500
005 - FECHA Y HORA DE LA ÚLTIMA TRANSACCIÓN
control field 20140924153817.0
008 - DE LONGITUD FIJA DE DATOS DE ELEMENTOS - INFORMACIÓN GENERAL
Elementos de longitud fija [NR] 140923s2011 enka fr 001 0 eng d
020 ## - NUMERO INTERNACIONAL NORMALIZADO PARA LIBROS [R]
Número Internacional Normalizado del libro [NR] 9780199559947
020 ## - NUMERO INTERNACIONAL NORMALIZADO PARA LIBROS [R]
Número Internacional Normalizado del libro [NR] 0199559945
040 ## - FUENTE DE CATALOGACION [NR]
Agencia de catalogación original [NR] CO-BoUCM
Idioma de catalogación [NR] spa
Quien Cataloga Jose A. Gerena
Quien Clasifica Jose A. Gerena
041 0# - CODIGO DE IDIOMA [R]
Código de idioma para texto/pista de sonido o título separado [R] Inglés
245 04 - MENCION DE TITULO [NR]
Título [NR] The Oxford handbook of the American Congress
Mención de responsabilidad, etc. [NR] editado por Eric Schickler, Frances E. Lee
246 30 - FORMA VARIANTE DEL TITULO [R]
Título propiamente dicho/forma breve del título [NR] American Congress
260 ## - PUBLICACION, DISTRIBUCION, ETC. (PIE DE IMPRENTA) [R]
Lugar de publicación, distribución, etc. [R] Oxford (Oxfordshire, Inglaterra)
Nombre del editor, distribuidor, etc. [R] Oxford University press
Fecha de publicación, distribución, etc. [R] 2011
300 ## - DESCRIPCION FISICA [R]
Extensión [R] xi, 929 páginas
Otros detalles físicos [NR] ilustraciones
490 1# - MENCION DE SERIE [R]
Mención de serie [R] The Oxford Handbooks of American Politics
504 ## - NOTA DE BIBLIOGRAFIA, ETC. [R]
Nota de bibliografía, etc. [NR] Incluye referencias bibliográficas e índices
650 #7 - ASIENTO SECUNDARIO DE MATERIA - TERMINO TEMATICO [R]
9 (RLIN) 12325
Término temático o nombre geográfico como elemento de entrada [NR] Cuerpos legislativos
Subdivisión geográfica [R] Estados Unidos
650 #7 - ASIENTO SECUNDARIO DE MATERIA - TERMINO TEMATICO [R]
9 (RLIN) 13957
Término temático o nombre geográfico como elemento de entrada [NR] Elecciones
Subdivisión geográfica [R] Estados Unidos
650 #7 - ASIENTO SECUNDARIO DE MATERIA - TERMINO TEMATICO [R]
9 (RLIN) 8470
Término temático o nombre geográfico como elemento de entrada [NR] Actos legislativos
Subdivisión geográfica [R] Estados Unidos
650 #7 - ASIENTO SECUNDARIO DE MATERIA - TERMINO TEMATICO [R]
9 (RLIN) 8433
Término temático o nombre geográfico como elemento de entrada [NR] Actividad política
Subdivisión geográfica [R] Estados Unidos
651 #4 - ASIENTO SECUNDARIO DE MATERIA - NOMBRE GEOGRAFICO [R]
Nombre geográfico [NR] Estados Unidos
Subdivisión general [R] Política y gobierno
9 (RLIN) 30623
690 ## - ASUNTO AGREGADO LOCAL DE ENTRADA - TÉRMINO TEMÁTICO (OCLC, RLIN)
9 (RLIN) 42754
Acceso temático local Ciencia política
700 1# - ASIENTO SECUNDARIO - NOMBRE PERSONAL [R]
Nombre personal [NR] Schickler, Eric
Término de relación [R] editor
9 (RLIN) 64734
700 1# - ASIENTO SECUNDARIO - NOMBRE PERSONAL [R]
Nombre personal [NR] Lee, Frances E.
Término de relación [R] editor
9 (RLIN) 64735
942 ## - ELEMENTOS DE ENTRADA AGREGADOS (KOHA)
Sistema de clasificación DEWEY
Tema principal Ciencia política
Tipo de ítem principal el descrito en 300a Libro
Edición 1
Clasificación 328.72
Parte restante de la signatura top. C749
Existencias
Signatura topográfica Código de barras Última vez visto Ejemplar Costo de reposición Price effective from Tipo de ítem Perdido Sistema de clasificación Dañado No prestable Tipo de ítem específico Suprimido Ubicación habitual Ubicación actual Localización Fecha de creación Proveedor Forma de adquisición Costo
328.73 C749 100143723 06/06/2024 Ej.1 101631.00 18/09/2014 Libro   DEWEY     Libro   Bodega Bodega 3er piso 18/09/2014 15 Compra 101630.00